| 000 | 00478nam a2200181Ia 4500 | ||
|---|---|---|---|
| 001 | 2115 | ||
| 005 | 20260306143818.0 | ||
| 008 | 260306t2012||||xx |||||||||||||| ||spa|| | ||
| 041 | _aESP | ||
| 082 |
_a612.825 _bF63 |
||
| 100 |
_aFlores Lázaro, Julio César _eAUT |
||
| 245 | 0 | _aDesarrollo neuropsicológico de lóbulos frontales y funciones ejecutivas | |
| 260 | _c2012 | ||
| 300 |
_a165 páginas : _c23 cm. |
||
| 650 | _aGEN | ||
| 654 | _aCPS | ||
| 942 |
_cLIB _dJUS _fJUS _2ddc _n |
||
| 999 |
_c2115 _d2115 |
||